| 000 | 00541nam a22001817a 4500 | ||
|---|---|---|---|
| 999 |
_c195572 _d195572 |
||
| 005 | 20230405122619.0 | ||
| 010 | _aENG-136604 | ||
| 020 | _c100.00 | ||
| 035 | _aEN-120136 | ||
| 037 | _bDBAD/PUB | ||
| 082 | _a340.59 | ||
| 100 | _aMuslehuddin,Muhammad | ||
| 245 |
_aPhilosphy Of Islamic Law And The Orientalists/ _cBy Muhammad Muslehuddin |
||
| 260 |
_aDelhi _bMarkazi Maktaba Islami _c1985 |
||
| 270 |
_a1353, Chitli Qabr _bDelhi _e110006 |
||
| 300 |
_axvi,302p.; _c23cm(hbk) _bindex |
||
| 942 |
_2ddc _cEN _h340.59 _mMUH |
||